[Event "DVM U14 2023"]
[Site "Magdeburg GER"]
[Date "2023.12.28"]
[Round "4"]
[White "Friedrich, Timofej"]
[Black "Arne, Jonas"]
[Result "1/2-1/2"]
[Termination "normal"]
[Board "5.3"]
[WhiteElo "1474"]
[BlackElo "1530"]
[WhiteClock "00:27:48"]
[BlackClock "00:35:01"]
[WhiteTeam "SV Stuttgart-Wolfbusch 1956"]
[BlackTeam "SG Kaiserslautern 1905"]
[PlyCount "41"]
[WhiteFideId "34617191"]
[BlackFideId "34640398"]
[EventCountry "GER"]
[EventRounds "7"]
[EventType "team-swiss"]
[EventDate "2023.12.26"]

1. e4 {[%clk 01:30:57]} {[%emt 00:00:02]} c5 {[%clk 01:30:58]} {[%emt
00:00:03]} 2. Nf3 {[%clk 01:31:17]} {[%emt 00:00:10]} d6 {[%clk 01:31:22]}
{[%emt 00:00:06]} 3. d4 {[%clk 01:31:30]} {[%emt 00:00:16]} cxd4 {[%clk
01:31:46]} {[%emt 00:00:06]} 4. Nxd4 {[%clk 01:31:54]} {[%emt 00:00:06]} Nf6
{[%clk 01:32:13]} {[%emt 00:00:03]} 5. Nc3 {[%clk 01:32:02]} {[%emt 00:00:22]}
a6 {[%clk 01:32:40]} {[%emt 00:00:04]} 6. Be3 {[%clk 01:31:36]} {[%emt
00:00:55]} e5 {[%clk 01:32:55]} {[%emt 00:00:15]} 7. Nb3 {[%clk 01:30:49]}
{[%emt 00:01:17]} Be6 {[%clk 01:32:56]} {[%emt 00:00:29]} 8. Be2 {[%clk
01:29:14]} {[%emt 00:02:05]} Be7 {[%clk 01:32:14]} {[%emt 00:01:12]} 9. O-O
{[%clk 01:29:17]} {[%emt 00:00:27]} O-O {[%clk 01:32:24]} {[%emt 00:00:20]} 10.
f3 {[%clk 01:24:51]} {[%emt 00:04:56]} Nbd7 {[%clk 01:30:17]} {[%emt 00:02:37]}
11. Nd5 {[%clk 01:20:19]} {[%emt 00:05:03]} Bxd5 {[%clk 01:29:58]} {[%emt
00:00:49]} 12. exd5 {[%clk 01:20:20]} {[%emt 00:00:30]} b5 {[%clk 01:28:07]}
{[%emt 00:02:21]} 13. Qd2 {[%clk 01:05:46]} {[%emt 00:15:04]} Qc7 {[%clk
01:26:58]} {[%emt 00:01:39]} 14. Rac1 {[%clk 01:01:54]} {[%emt 00:04:22]} Nb6
{[%clk 01:22:39]} {[%emt 00:04:50]} 15. Bxb6 {[%clk 00:58:56]} {[%emt
00:03:29]} Qxb6+ {[%clk 01:23:03]} {[%emt 00:00:06]} 16. Kh1 {[%emt 00:03:12]}
a5 {[%clk 01:20:39]} 17. c4 {[%clk 00:49:43]} {[%emt 00:09:55]} a4 {[%clk
00:53:59]} {[%emt 00:27:10]} 18. Na1 {[%clk 00:43:57]} {[%emt 00:06:15]} bxc4
{[%clk 00:47:37]} {[%emt 00:06:52]} 19. Bxc4 {[%clk 00:39:18]} {[%emt
00:05:10]} Rfc8 {[%clk 00:43:12]} {[%emt 00:04:55]} 20. b3 {[%clk 00:34:49]}
{[%emt 00:04:58]} Nh5 {[%clk 00:35:01]} {[%emt 00:08:41]} 21. g3 {[%clk
00:27:48]} {[%emt 00:07:30]} 1/2-1/2

[Event "DVM U14 2023"]
[Site "Magdeburg GER"]
[Date "2023.12.28"]
[Round "4"]
[White "Hahn, Julian"]
[Black "Schimann, Kirill"]
[Result "1/2-1/2"]
[Termination "normal"]
[Board "5.4"]
[WhiteElo "1516"]
[BlackElo "1511"]
[WhiteClock "00:25:53"]
[BlackClock "00:26:47"]
[WhiteTeam "SG Kaiserslautern 1905"]
[BlackTeam "SV Stuttgart-Wolfbusch 1956"]
[PlyCount "93"]
[WhiteFideId "34640436"]
[BlackFideId "16296338"]
[EventCountry "GER"]
[EventRounds "7"]
[EventType "team-swiss"]
[EventDate "2023.12.26"]

1. e4 {[%clk 01:30:55]} {[%emt 00:00:04]} c6 {[%clk 01:30:54]} {[%emt
00:00:07]} 2. Nc3 {[%clk 01:31:22]} {[%emt 00:00:04]} d5 {[%clk 01:31:18]}
{[%emt 00:00:05]} 3. Nf3 {[%clk 01:31:49]} {[%emt 00:00:03]} dxe4 {[%clk
01:31:36]} {[%emt 00:00:12]} 4. Nxe4 {[%clk 01:32:13]} {[%emt 00:00:06]} Bf5
{[%clk 01:31:56]} {[%emt 00:00:10]} 5. Ng3 {[%clk 01:32:16]} {[%emt 00:00:27]}
Bg6 {[%clk 01:31:47]} {[%emt 00:00:39]} 6. Bc4 {[%clk 01:31:06]} {[%emt
00:01:40]} e6 {[%clk 01:31:43]} {[%emt 00:00:34]} 7. d4 {[%clk 01:30:02]}
{[%emt 00:01:34]} Nf6 {[%clk 01:31:53]} {[%emt 00:00:20]} 8. O-O {[%clk
01:29:00]} {[%emt 00:01:32]} Be7 {[%clk 01:30:42]} {[%emt 00:01:40]} 9. Re1
{[%clk 01:27:19]} {[%emt 00:02:11]} O-O {[%clk 01:30:18]} {[%emt 00:00:55]} 10.
Bf4 {[%clk 01:22:39]} {[%emt 00:05:09]} Nbd7 {[%clk 01:28:56]} {[%emt
00:01:52]} 11. Ne5 {[%clk 01:21:26]} {[%emt 00:01:43]} Nxe5 {[%clk 01:26:40]}
{[%emt 00:02:47]} 12. Bxe5 {[%clk 01:20:58]} {[%emt 00:00:58]} Nd7 {[%clk
01:25:05]} {[%emt 00:02:04]} 13. Bf4 {[%clk 01:19:14]} {[%emt 00:02:15]} Nb6
{[%clk 01:24:31]} {[%emt 00:01:04]} 14. Bb3 {[%clk 01:16:23]} {[%emt 00:03:21]}
Nd5 {[%clk 01:23:19]} {[%emt 00:01:42]} 15. Ne2 {[%clk 01:10:40]} {[%emt
00:06:13]} Bh5 {[%clk 01:18:34]} {[%emt 00:05:14]} 16. Qd2 {[%clk 01:08:14]}
{[%emt 00:02:57]} Qb6 {[%clk 01:13:53]} {[%emt 00:05:08]} 17. c3 {[%clk
01:07:40]} {[%emt 00:01:08]} Rfd8 {[%clk 01:07:14]} {[%emt 00:07:08]} 18. Ng3
{[%clk 01:02:46]} {[%emt 00:05:24]} Bg6 {[%clk 01:06:32]} {[%emt 00:01:12]} 19.
Rad1 {[%clk 00:57:49]} {[%emt 00:05:28]} c5 {[%clk 01:01:29]} {[%emt 00:05:32]}
20. Be3 {[%clk 00:48:02]} {[%emt 00:10:17]} Nxe3 {[%clk 00:59:05]} {[%emt
00:02:54]} 21. fxe3 {[%clk 00:47:23]} {[%emt 00:01:09]} Rac8 {[%clk 00:49:41]}
{[%emt 00:09:54]} 22. Qf2 {[%clk 00:41:55]} {[%emt 00:05:58]} a6 {[%clk
00:42:09]} {[%emt 00:08:02]} 23. Rf1 {[%clk 00:36:20]} {[%emt 00:06:06]} Rf8
{[%clk 00:38:54]} {[%emt 00:03:45]} 24. Rd2 {[%clk 00:30:11]} {[%emt 00:06:40]}
Bg5 {[%clk 00:37:44]} {[%emt 00:01:38]} 25. Rdd1 {[%clk 00:24:40]} {[%emt
00:06:02]} c4 {[%clk 00:35:30]} {[%emt 00:02:44]} 26. Bc2 {[%clk 00:17:36]}
{[%emt 00:07:34]} Qxb2 {[%clk 00:28:35]} {[%emt 00:07:24]} 27. Bxg6 {[%clk
00:13:16]} {[%emt 00:04:49]} Qxf2+ {[%clk 00:27:52]} {[%emt 00:01:14]} 28. Kxf2
{[%clk 00:13:04]} {[%emt 00:00:43]} hxg6 {[%clk 00:26:59]} {[%emt 00:01:22]}
29. Rb1 {[%clk 00:09:51]} {[%emt 00:03:44]} b5 {[%clk 00:25:55]} {[%emt
00:01:33]} 30. a4 {[%clk 00:08:29]} {[%emt 00:01:52]} Rb8 {[%clk 00:24:40]}
{[%emt 00:01:45]} 31. axb5 {[%clk 00:08:21]} {[%emt 00:00:39]} Rxb5 {[%clk
00:21:32]} {[%emt 00:03:38]} 32. Rxb5 {[%clk 00:08:25]} {[%emt 00:00:26]} axb5
{[%clk 00:21:25]} {[%emt 00:00:36]} 33. Rb1 {[%clk 00:08:16]} {[%emt 00:00:38]}
Rb8 {[%clk 00:20:13]} {[%emt 00:01:42]} 34. Ne4 {[%clk 00:08:20]} {[%emt
00:00:26]} Be7 {[%clk 00:20:10]} {[%emt 00:00:33]} 35. Nd2 {[%clk 00:08:43]}
{[%emt 00:00:08]} Bd6 {[%clk 00:19:58]} {[%emt 00:00:41]} 36. Ne4 {[%clk
00:07:16]} {[%emt 00:01:57]} Bc7 {[%clk 00:14:35]} {[%emt 00:05:54]} 37. Nc5
{[%clk 00:06:34]} {[%emt 00:01:12]} Ba5 {[%clk 00:12:36]} {[%emt 00:02:29]} 38.
Nd7 {[%clk 00:04:17]} {[%emt 00:02:48]} Rd8 {[%clk 00:11:02]} {[%emt 00:02:04]}
39. Nc5 {[%clk 00:04:37]} {[%emt 00:00:10]} Bxc3 {[%clk 00:11:02]} {[%emt
00:00:30]} 40. Rxb5 {[%clk 00:04:39]} {[%emt 00:00:29]} Ra8 {[%clk 00:08:06]}
{[%emt 00:03:26]} 41. Ne4 {[%clk 00:01:17]} {[%emt 00:03:51]} Ra2+ {[%clk
00:07:19]} {[%emt 00:01:17]} 42. Kf3 {[%clk 00:00:38]} {[%emt 00:01:09]} Be1
{[%clk 00:06:22]} {[%emt 00:01:27]} 43. Rb1 {[%clk 00:28:46]} {[%emt 00:02:21]}
f5 {[%clk 00:31:40]} {[%emt 00:05:13]} 44. Ng5 {[%clk 00:25:55]} {[%emt
00:03:21]} Rf2+ {[%clk 00:31:54]} {[%emt 00:00:16]} 45. Kg3 {[%clk 00:25:33]}
{[%emt 00:00:52]} Re2+ {[%clk 00:27:30]} {[%emt 00:04:55]} 46. Kf3 {[%clk
00:25:37]} {[%emt 00:00:26]} Rf2+ {[%clk 00:26:47]} {[%emt 00:01:13]} 47. Kg3
{[%clk 00:25:53]} {[%emt 00:00:14]} 1/2-1/2

[Event "DVM U14 2023"]
[Site "Magdeburg GER"]
[Date "2023.12.28"]
[Round "4"]
[White "Melestean, Maxim"]
[Black "Ruddat, Jarne"]
[Result "1-0"]
[Termination "normal"]
[Board "6.1"]
[WhiteElo "1625"]
[BlackElo "1821"]
[WhiteClock "01:12:38"]
[BlackClock "00:01:22"]
[WhiteTeam "SK König Plauen"]
[BlackTeam "TSG Oberschöneweide"]
[PlyCount "95"]
[WhiteFideId "16280393"]
[BlackFideId "16254236"]
[EventCountry "GER"]
[EventRounds "7"]
[EventType "team-swiss"]
[EventDate "2023.12.26"]

1. d4 {[%clk 01:30:58]} {[%emt 00:00:02]} Nf6 {[%clk 01:30:53]} {[%emt
00:00:08]} 2. c4 {[%clk 01:31:25]} {[%emt 00:00:02]} g6 {[%clk 01:31:14]}
{[%emt 00:00:09]} 3. Nc3 {[%clk 01:31:50]} {[%emt 00:00:04]} Bg7 {[%clk
01:29:04]} {[%emt 00:02:40]} 4. e4 {[%clk 01:32:18]} {[%emt 00:00:02]} d6
{[%clk 01:29:24]} {[%emt 00:00:10]} 5. Nf3 {[%emt 00:00:09]} O-O {[%clk
01:29:46]} {[%emt 00:00:03]} 6. Be2 {[%clk 01:33:11]} {[%emt 00:00:02]} Nbd7
{[%clk 01:29:45]} {[%emt 00:00:31]} 7. O-O {[%clk 01:33:21]} {[%emt 00:00:20]}
e5 {[%clk 01:29:31]} {[%emt 00:00:44]} 8. Be3 {[%clk 01:30:42]} {[%emt
00:03:10]} h6 {[%clk 01:24:06]} {[%emt 00:05:55]} 9. d5 {[%clk 01:29:51]}
{[%emt 00:01:20]} Kh8 {[%clk 01:09:29]} {[%emt 00:15:06]} 10. Ne1 {[%clk
01:29:36]} {[%emt 00:00:45]} Ng8 {[%clk 01:02:27]} {[%emt 00:07:33]} 11. Nd3
{[%emt 00:01:26]} f5 {[%clk 00:59:48]} {[%emt 00:03:07]} 12. f3 {[%clk
01:28:31]} {[%emt 00:00:41]} f4 {[%clk 00:59:28]} {[%emt 00:00:50]} 13. Bf2
{[%clk 01:28:58]} {[%emt 00:00:03]} Bf6 {[%clk 00:48:35]} {[%emt 00:11:24]} 14.
c5 {[%clk 01:29:13]} {[%emt 00:00:15]} dxc5 {[%clk 00:46:54]} {[%emt 00:02:11]}
15. Nxc5 {[%clk 01:29:04]} {[%emt 00:00:39]} Nxc5 {[%clk 00:42:02]} {[%emt
00:05:22]} 16. Bxc5 {[%clk 01:28:53]} {[%emt 00:00:41]} Be7 {[%clk 00:41:56]}
{[%emt 00:00:36]} 17. Bf2 {[%clk 01:25:34]} {[%emt 00:03:49]} Nf6 {[%clk
00:41:44]} {[%emt 00:00:42]} 18. Rc1 {[%clk 01:25:48]} {[%emt 00:00:15]} a6
{[%clk 00:40:35]} {[%emt 00:01:39]} 19. Qc2 {[%clk 01:25:43]} {[%emt 00:00:36]}
Ne8 {[%clk 00:37:50]} {[%emt 00:03:14]} 20. Na4 {[%clk 01:23:42]} {[%emt
00:02:31]} Bd6 {[%clk 00:33:43]} {[%emt 00:04:37]} 21. Nc5 {[%clk 01:23:16]}
{[%emt 00:00:56]} b6 {[%clk 00:30:45]} {[%emt 00:03:27]} 22. Nd3 {[%clk
01:23:39]} {[%emt 00:00:07]} Bb7 {[%clk 00:29:56]} {[%emt 00:01:19]} 23. Qc3
{[%clk 01:22:40]} {[%emt 00:01:30]} Qe7 {[%clk 00:30:07]} {[%emt 00:00:18]} 24.
Bd1 {[%clk 01:20:42]} {[%emt 00:02:28]} Nf6 {[%clk 00:27:34]} {[%emt 00:03:02]}
25. Ba4 {[%clk 01:19:29]} {[%emt 00:01:44]} Nd7 {[%clk 00:21:42]} {[%emt
00:06:22]} 26. Bxd7 {[%clk 01:18:48]} {[%emt 00:01:11]} Rad8 {[%clk 00:12:12]}
{[%emt 00:10:00]} 27. Bc6 {[%clk 01:18:57]} {[%emt 00:00:21]} Bc8 {[%clk
00:12:37]} {[%emt 00:00:06]} 28. Kh1 {[%clk 01:14:50]} {[%emt 00:04:37]} g5
{[%clk 00:12:49]} {[%emt 00:00:17]} 29. g4 {[%clk 01:13:41]} {[%emt 00:01:39]}
Rf7 {[%clk 00:11:37]} {[%emt 00:01:42]} 30. h3 {[%clk 01:14:01]} {[%emt
00:00:10]} Rh7 {[%clk 00:09:15]} {[%emt 00:02:51]} 31. Kg2 {[%clk 01:14:25]}
{[%emt 00:00:06]} h5 {[%clk 00:09:30]} {[%emt 00:00:15]} 32. Rh1 {[%clk
01:14:23]} {[%emt 00:00:32]} h4 {[%clk 00:09:33]} {[%emt 00:00:28]} 33. a4
{[%clk 01:14:43]} {[%emt 00:00:10]} Rh6 {[%clk 00:08:13]} {[%emt 00:01:50]} 34.
a5 {[%clk 01:12:28]} {[%emt 00:02:44]} b5 {[%clk 00:07:29]} {[%emt 00:01:14]}
35. Nc5 {[%clk 01:12:53]} {[%emt 00:00:05]} Kg8 {[%clk 00:05:50]} {[%emt
00:02:08]} 36. Bb7 {[%clk 01:12:14]} {[%emt 00:01:10]} Bxb7 {[%clk 00:06:11]}
{[%emt 00:00:10]} 37. Nxb7 {[%clk 01:12:31]} {[%emt 00:00:13]} Rc8 {[%clk
00:05:50]} {[%emt 00:00:40]} 38. Bc5 {[%clk 01:12:27]} {[%emt 00:00:44]} Rb8
{[%clk 00:05:05]} {[%emt 00:01:15]} 39. Nxd6 {[%clk 01:12:36]} {[%emt
00:00:22]} cxd6 {[%clk 00:05:22]} {[%emt 00:00:12]} 40. Bb4 {[%clk 01:13:00]}
{[%emt 00:00:05]} Rb7 {[%clk 00:04:48]} {[%emt 00:01:05]} 41. Rc2 {[%clk
01:13:14]} {[%emt 00:00:17]} Rf6 {[%clk 00:03:58]} {[%emt 00:01:19]} 42. Rhc1
{[%clk 01:13:18]} {[%emt 00:00:26]} Ra7 {[%clk 00:00:48]} {[%emt 00:03:40]} 43.
Qc8+ {[%clk 01:11:51]} {[%emt 00:01:57]} Rf8 {[%clk 00:01:13]} {[%emt
00:00:06]} 44. Qc6 {[%clk 01:12:15]} {[%emt 00:00:05]} Rd8 {[%clk 00:01:36]}
{[%emt 00:00:07]} 45. Qb6 {[%clk 01:12:24]} {[%emt 00:00:22]} Rdd7 {[%clk
00:01:31]} {[%emt 00:00:35]} 46. Rc6 {[%clk 01:12:22]} {[%emt 00:00:32]} Rdb7
{[%clk 00:01:25]} {[%emt 00:00:35]} 47. Rc8+ {[%clk 01:12:28]} {[%emt
00:00:24]} Kf7 {[%clk 00:01:22]} {[%emt 00:00:33]} 48. Qxd6 {[%clk 01:12:38]}
{[%emt 00:00:20]} 1-0

[Event "DVM U14 2023"]
[Site "Magdeburg GER"]
[Date "2023.12.28"]
[Round "4"]
[White "Smith, Tobias"]
[Black "Akladius, Kyrillus"]
[Result "1-0"]
[Termination "normal"]
[Board "6.2"]
[WhiteElo "1655"]
[BlackElo "1342"]
[WhiteClock "00:29:35"]
[BlackClock "00:20:14"]
[WhiteTeam "TSG Oberschöneweide"]
[BlackTeam "SK König Plauen"]
[PlyCount "89"]
[WhiteFideId "16254228"]
[BlackFideId "16267036"]
[EventCountry "GER"]
[EventRounds "7"]
[EventType "team-swiss"]
[EventDate "2023.12.26"]

1. d4 {[%clk 01:30:59]} f5 {[%clk 01:30:56]} {[%emt 00:00:05]} 2. Bg5 {[%clk
01:31:00]} {[%emt 00:00:28]} Nf6 {[%clk 01:31:06]} {[%emt 00:00:21]} 3. Bxf6
{[%clk 01:25:28]} {[%emt 00:06:02]} exf6 {[%clk 01:31:22]} {[%emt 00:00:15]} 4.
Nf3 {[%clk 01:25:54]} {[%emt 00:00:03]} d5 {[%clk 01:31:40]} {[%emt 00:00:13]}
5. e3 {[%clk 01:25:57]} {[%emt 00:00:27]} Bd6 {[%emt 00:00:06]} 6. c4 {[%clk
01:26:11]} {[%emt 00:00:13]} c6 {[%clk 01:31:49]} {[%emt 00:00:47]} 7. Nc3
{[%clk 01:26:12]} {[%emt 00:00:29]} Be6 {[%clk 01:31:22]} {[%emt 00:00:57]} 8.
cxd5 {[%clk 01:20:59]} {[%emt 00:05:43]} cxd5 {[%clk 01:31:41]} {[%emt
00:00:11]} 9. Qb3 {[%clk 01:18:26]} {[%emt 00:03:03]} Qd7 {[%clk 01:31:57]}
{[%emt 00:00:15]} 10. Bb5 {[%clk 01:16:39]} {[%emt 00:02:17]} Nc6 {[%clk
01:32:15]} {[%emt 00:00:11]} 11. Rc1 {[%clk 01:16:29]} {[%emt 00:00:41]} a6
{[%clk 01:32:21]} {[%emt 00:00:23]} 12. Bxc6 {[%clk 01:15:27]} {[%emt
00:01:32]} bxc6 {[%clk 01:32:46]} {[%emt 00:00:05]} 13. Na4 {[%clk 01:13:42]}
{[%emt 00:02:15]} Rb8 {[%clk 01:31:56]} {[%emt 00:01:20]} 14. Qc2 {[%clk
01:14:01]} {[%emt 00:00:10]} Rb4 {[%clk 01:27:03]} {[%emt 00:05:24]} 15. Nd2
{[%clk 01:11:57]} {[%emt 00:02:33]} O-O {[%clk 01:24:27]} {[%emt 00:03:07]} 16.
b3 {[%clk 00:56:34]} {[%emt 00:15:53]} Rc8 {[%clk 01:17:03]} {[%emt 00:07:54]}
17. Nc5 {[%clk 00:55:51]} {[%emt 00:01:13]} Bxc5 {[%clk 01:16:26]} {[%emt
00:01:08]} 18. Qxc5 {[%clk 00:56:13]} {[%emt 00:00:07]} Rb5 {[%clk 01:16:54]}
{[%emt 00:00:02]} 19. Qa3 {[%clk 00:54:14]} {[%emt 00:02:34]} Ra8 {[%clk
01:14:06]} {[%emt 00:03:13]} 20. O-O {[%clk 00:52:15]} {[%emt 00:02:29]} Qc7
{[%clk 01:09:29]} {[%emt 00:05:07]} 21. Rc5 {[%clk 00:43:28]} {[%emt 00:09:17]}
Rxc5 {[%clk 01:04:29]} {[%emt 00:05:31]} 22. Qxc5 {[%clk 00:43:27]} {[%emt
00:00:31]} Kf7 {[%clk 00:58:59]} {[%emt 00:06:01]} 23. Rc1 {[%clk 00:38:50]}
{[%emt 00:05:06]} Bd7 {[%clk 00:56:15]} {[%emt 00:03:14]} 24. Qxd5+ {[%clk
00:37:43]} {[%emt 00:01:37]} cxd5 {[%clk 00:54:50]} {[%emt 00:01:55]} 25. Rxc7
{[%clk 00:38:10]} Ke6 {[%clk 00:55:14]} {[%emt 00:00:09]} 26. f3 {[%clk
00:31:51]} {[%emt 00:06:48]} Kd6 {[%clk 00:52:46]} {[%emt 00:02:59]} 27. Rc5
{[%clk 00:29:40]} {[%emt 00:02:41]} Bc6 {[%clk 00:53:06]} {[%emt 00:00:11]} 28.
b4 {[%clk 00:25:43]} {[%emt 00:04:27]} Rb8 {[%clk 00:51:01]} {[%emt 00:02:35]}
29. a3 {[%clk 00:26:06]} {[%emt 00:00:06]} Rb5 {[%clk 00:40:40]} {[%emt
00:10:50]} 30. Nb3 {[%clk 00:25:30]} {[%emt 00:01:05]} Rb8 {[%clk 00:35:35]}
{[%emt 00:05:37]} 31. Ra5 {[%clk 00:22:24]} {[%emt 00:03:35]} Bb5 {[%clk
00:33:56]} {[%emt 00:02:09]} 32. Nc5 {[%clk 00:21:51]} {[%emt 00:01:04]} Rb6
{[%clk 00:33:42]} {[%emt 00:00:43]} 33. Kf2 {[%clk 00:21:30]} {[%emt 00:00:50]}
g6 {[%clk 00:33:21]} {[%emt 00:00:52]} 34. Kg3 {[%clk 00:16:56]} {[%emt
00:05:04]} g5 {[%clk 00:27:25]} {[%emt 00:06:25]} 35. h3 {[%clk 00:15:16]}
{[%emt 00:02:11]} h6 {[%clk 00:27:42]} {[%emt 00:00:14]} 36. Kf2 {[%clk
00:13:14]} {[%emt 00:02:31]} h5 {[%clk 00:25:48]} {[%emt 00:02:24]} 37. h4
{[%clk 00:06:26]} {[%emt 00:07:18]} g4 {[%clk 00:23:17]} {[%emt 00:03:01]} 38.
Kg3 {[%clk 00:05:41]} {[%emt 00:01:16]} Bf1 {[%clk 00:22:04]} {[%emt 00:01:43]}
39. e4 {[%clk 00:05:05]} {[%emt 00:01:07]} f4+ {[%clk 00:18:30]} {[%emt
00:04:04]} 40. Kxf4 {[%clk 00:03:33]} {[%emt 00:02:01]} Bxg2 {[%clk 00:18:55]}
{[%emt 00:00:05]} 41. e5+ {[%clk 00:03:46]} {[%emt 00:00:17]} fxe5+ {[%clk
00:19:09]} {[%emt 00:00:16]} 42. dxe5+ {[%clk 00:04:12]} {[%emt 00:00:04]} Ke7
{[%clk 00:19:27]} {[%emt 00:00:12]} 43. fxg4 {[%clk 00:03:34]} {[%emt
00:01:09]} hxg4 {[%clk 00:19:52]} {[%emt 00:00:05]} 44. Kxg4 {[%clk 00:03:52]}
{[%emt 00:00:12]} d4 {[%clk 00:20:14]} {[%emt 00:00:08]} 45. Kf4 {[%clk
00:29:35]} {[%emt 00:04:47]} 1-0

[Event "DVM U14 2023"]
[Site "Magdeburg GER"]
[Date "2023.12.28"]
[Round "4"]
[White "Rühmer, Nico"]
[Black "Ollhoff, Hannes"]
[Result "0-1"]
[Termination "normal"]
[Board "6.3"]
[WhiteElo "1595"]
[BlackElo "1494"]
[WhiteClock "00:13:52"]
[BlackClock "00:13:29"]
[WhiteTeam "SK König Plauen"]
[BlackTeam "TSG Oberschöneweide"]
[PlyCount "68"]
[WhiteFideId "34640339"]
[BlackFideId "16266927"]
[EventCountry "GER"]
[EventRounds "7"]
[EventType "team-swiss"]
[EventDate "2023.12.26"]

1. e4 {[%clk 01:30:56]} {[%emt 00:00:04]} e6 {[%clk 01:30:52]} {[%emt
00:00:08]} 2. d4 {[%clk 01:31:22]} {[%emt 00:00:04]} d5 {[%clk 01:31:18]}
{[%emt 00:00:04]} 3. e5 {[%clk 01:31:46]} {[%emt 00:00:06]} c5 {[%clk
01:31:37]} {[%emt 00:00:11]} 4. c3 {[%clk 01:32:09]} {[%emt 00:00:07]} Nc6
{[%clk 01:32:03]} {[%emt 00:00:04]} 5. Nf3 {[%clk 01:32:30]} {[%emt 00:00:08]}
Bd7 {[%clk 01:32:27]} {[%emt 00:00:06]} 6. a3 {[%clk 01:32:44]} {[%emt
00:00:16]} f6 {[%clk 01:31:21]} {[%emt 00:01:38]} 7. Be2 {[%clk 01:31:20]}
{[%emt 00:01:54]} Qc7 {[%clk 01:28:26]} {[%emt 00:03:23]} 8. Bf4 {[%clk
01:23:35]} {[%emt 00:08:15]} O-O-O {[%clk 01:25:22]} {[%emt 00:03:33]} 9. b4
{[%clk 01:21:41]} {[%emt 00:02:24]} c4 {[%clk 01:25:10]} {[%emt 00:00:43]} 10.
O-O {[%clk 01:18:00]} {[%emt 00:04:10]} f5 {[%clk 01:21:18]} {[%emt 00:04:23]}
11. a4 {[%clk 01:12:09]} {[%emt 00:06:19]} h6 {[%clk 01:17:45]} {[%emt
00:04:05]} 12. Na3 {[%clk 01:05:38]} {[%emt 00:07:01]} g5 {[%clk 01:08:47]}
{[%emt 00:09:29]} 13. Bc1 {[%clk 01:03:55]} {[%emt 00:01:57]} Be7 {[%clk
01:02:38]} {[%emt 00:06:55]} 14. Nb5 {[%emt 00:04:35]} Qb6 {[%clk 01:01:29]}
{[%emt 00:01:36]} 15. Nd6+ {[%clk 00:58:36]} {[%emt 00:01:45]} Bxd6 {[%clk
01:01:42]} {[%emt 00:00:18]} 16. exd6 {[%clk 00:58:57]} {[%emt 00:00:08]} Nb8
{[%clk 01:00:55]} {[%emt 00:01:18]} 17. Ne5 {[%clk 00:56:45]} {[%emt 00:02:42]}
Be8 {[%clk 00:56:11]} {[%emt 00:05:15]} 18. Bh5 {[%clk 00:46:08]} {[%emt
00:11:06]} Rh7 {[%clk 00:53:41]} {[%emt 00:03:00]} 19. Bxe8 {[%clk 00:41:50]}
{[%emt 00:04:47]} Rxe8 {[%clk 00:53:53]} {[%emt 00:00:19]} 20. Qh5 {[%clk
00:41:18]} {[%emt 00:01:02]} Nf6 {[%clk 00:48:29]} {[%emt 00:05:54]} 21. Qg6
{[%clk 00:32:25]} {[%emt 00:09:23]} Rf8 {[%clk 00:37:09]} {[%emt 00:11:50]} 22.
b5 {[%clk 00:28:01]} {[%emt 00:04:54]} Qd8 {[%clk 00:33:02]} {[%emt 00:04:37]}
23. g4 {[%clk 00:20:49]} {[%emt 00:07:42]} Rg8 {[%clk 00:30:41]} {[%emt
00:02:51]} 24. gxf5 {[%clk 00:21:08]} {[%emt 00:00:12]} Rxg6 {[%clk 00:29:46]}
{[%emt 00:01:24]} 25. fxg6 {[%clk 00:21:29]} {[%emt 00:00:09]} Rg7 {[%clk
00:28:58]} {[%emt 00:01:18]} 26. f4 {[%clk 00:17:03]} {[%emt 00:04:56]} Nbd7
{[%clk 00:19:42]} {[%emt 00:09:46]} 27. fxg5 {[%clk 00:16:24]} {[%emt
00:01:13]} hxg5 {[%clk 00:19:19]} {[%emt 00:00:49]} 28. Kh1 {[%emt 00:02:36]}
Nxe5 {[%clk 00:17:18]} {[%emt 00:02:29]} 29. dxe5 {[%clk 00:14:39]} {[%emt
00:00:11]} Ne4 {[%clk 00:16:55]} {[%emt 00:00:54]} 30. Ra2 {[%clk 00:14:01]}
{[%emt 00:01:08]} Rxg6 {[%clk 00:16:05]} {[%emt 00:01:19]} 31. Rg2 {[%clk
00:14:15]} {[%emt 00:00:16]} g4 {[%emt 00:02:45]} 32. Rf7 {[%clk 00:14:11]} g3
{[%clk 00:13:09]} {[%emt 00:01:44]} 33. hxg3 {[%clk 00:13:41]} {[%emt
00:01:01]} Nxg3+ {[%clk 00:13:15]} {[%emt 00:00:25]} 34. Kg1 {[%clk 00:13:52]}
{[%emt 00:00:18]} Ne2+ {[%clk 00:13:29]} {[%emt 00:00:17]} 0-1